000
00222nam a2200097Ia 4500
082
_a
EF LEWI
245
0
_a
Late Payments
100
_a
Lewin Michael Z
_9
63879
942
_c
BK
008
210817s9999 xx 000 0 und d
999
_c
202914
_d
202916